Naše zářná léta /
Uloženo v:
| Hlavní autor: | |
|---|---|
| Další autoři: | |
| Médium: | Kniha |
| Jazyk: | Czech |
| Vydáno: |
Praha :
Ikar,
2026
|
| Vydání: | Vydání první |
| Témata: | |
| Celkem bylo vypůjčeno: | 0x |
| Tagy: |
Žádné tagy |
| LEADER | 01314nam a2200385 i 4500 | ||
|---|---|---|---|
| 001 | 106146 | ||
| 003 | CZ PrNK | ||
| 005 | 20260415124934.0 | ||
| 007 | ta | ||
| 008 | 260326s2026 xr g 000 f cze | ||
| 015 | |a cnb003743891 | ||
| 020 | |a 9788024958712 |q (brožováno) | ||
| 040 | |a ABG001 |b cze |e rda | ||
| 041 | 1 | |a cze |h eng | |
| 072 | 7 | |a 821.111(73)-3 |x Americká próza |2 Konspekt |9 25 | |
| 080 | |a 821.111(73)-31 |2 MRF | ||
| 080 | |a (0:82-31) |2 MRF | ||
| 100 | 1 | |a Damoff, Sarah |7 xx0343356 |4 aut |9 117270 | |
| 240 | 1 | 0 | |a Bright years. |l Česky |
| 245 | 1 | 0 | |a Naše zářná léta / |c Sarah Damoff ; přeložila Lenka Faltejsková |
| 250 | |a Vydání první | ||
| 264 | 1 | |a Praha : |b Ikar, |c 2026 | |
| 300 | |a 307 stran ; |c 20 cm | ||
| 336 | |a text |b txt |2 rdacontent | ||
| 337 | |a bez média |b n |2 rdamedia | ||
| 338 | |a svazek |b nc |2 rdacarrier | ||
| 500 | |a Přeloženo z angličtiny | ||
| 655 | 7 | |a americké romány |7 fd131796 |2 czenas |9 53403 | |
| 655 | 9 | |a American fiction |2 eczenas | |
| 700 | 1 | |a Faltejsková, Lenka, |d 1974- |7 ola2003191643 |4 trl |9 108277 | |
| 710 | 2 | |a Ikar (nakladatelství) |7 xx0237091 |4 pbl |9 117123 | |
| 910 | |a UOG502 | ||
| 942 | |2 ddc |c KN | ||
| 999 | |d 106146 | ||
| 993 | |0 0 |1 421180106871 |2 ddc |4 0 |7 0 |9 99460 |b 0 |c 106871 |d 2026-04-15 |e 0 |f DOSP |h 449.00 |i Koupě |l DOSP |r 2026-04-15 |t 6 |w 2026-04-15 |y KN |z BELET |n | ||